000 00490cam a22002051 4500
001 ne 63001107
003 DLC
005 20260227111746.0
008 881028q19601963xx a 000 0 ara
010 _ane 63001107
035 _a(OCoLC)23494935
040 _aDLC
_cMiU
_dDLC
042 _apremarc
050 0 0 _aPJ7828.M9
_bQ3
100 1 _aḤamzah, Chīlān.
245 1 0 _aQalb bilā qināʻ.
260 _c[196-. 197-]
300 _a240 p.
_billus.
_c19 cm.
500 _aRomanized.
999 _c45941
_d45941